Actresses with at least Five Oscar Nominations - Statistics

General Stats
  • This quiz has been taken 1,514 times
    1,484 since last reset
  • The average score is 13 of 30
Answer Stats
Hint Answer % Correct
19 Won 2 Best Actress, 1 Supporting Meryl Streep
98%
12 Won 4 Best Actress, 2 back to back Katherine Hepburn
87%
5 1 Best Actress, plus a Jean Hersholt Humanitarian Award Audrey Hepburn
85%
6 She'll probably always be linked with Leo Kate Winslet
79%
10 Lyrical "eyes" Bette Davis
78%
5 2 best actress wins, plus a Jean Hersholt Humanitarian Award Elizabeth Taylor
57%
5 Most recent Best Actress winner Julianne Moore
53%
6 Won 1 Best Actress, 1 Supporting Cate Blanchett
51%
7 Won 2 Best Actress Awards Jane Fonda
50%
7 Highest overall winning percentage (42.8) with 3 Ingrid Bergman
49%
7 Won 1 Supporting Judi Dench
47%
6 First movie was with a BIG Ape Jessica Lange
46%
6 Has never won, but has 3 Tonys and 3 Emmys Glenn Close
45%
5 Melanie Olivia de Havilland
45%
6 Won one by losing one (but 2 total) Maggie Smith
43%
5 Has never won Amy Adams
35%
8 Bountiful Geraldine Page
34%
6 Alice Ellen Burstyn
33%
5 Won as a Nun Susan Sarandon
31%
5 I Want to Live! Susan Hayward
28%
5 Joan Crawford accepted for her, much to #3's consternation Anne Bancroft
27%
7 Longest acceptance speech Greer Garson
26%
5 "I deserve this" Shirley MacLaine
26%
6 Booed during acceptance speach Vanessa Redgrave
26%
6 Never won, received Honorary Award Deborah Kerr
25%
5 Won on her 25th birthday Jennifer Jones
24%
6 Her first name is actually Mary Sissy Spacek
22%
6 All supporting nominations, never won Thelma Ritter
18%
5 "cross eyed", was offered Scarlett O'Hara but didn't do it for that reason Norma Shearer
16%
5 Never won, auditioned for the Met before doing films Irene Dunne
7%
No matching quizzes found
Score Distribution
Percent of People with Each Score
Percentile by Number Answered
Your Score History
You have not taken this quiz since the last reset